000 00210nam a22000977a 4500
082 _a823
100 _aSYLVIA WARD
245 _aTHE GINGERBREADMAN
246 _aTHE GINGERBREADMAN
_bTHE GINGERBREADMAN
942 _cBK
999 _c8282
_d8282